Philippine labor and social legislation annotated / (Record no. 291438)
[ view plain ]
| 000 -LEADER | |
|---|---|
| fixed length control field | 00655nam a2200229Ia 4500 |
| 008 - FIXED-LENGTH DATA ELEMENTS--GENERAL INFORMATION | |
| fixed length control field | 160303s9999 xx 000 0 und d |
| 050 ## - LIBRARY OF CONGRESS CALL NUMBER | |
| Classification number | FIL KPM 1205 |
| 050 ## - LIBRARY OF CONGRESS CALL NUMBER | |
| Item number | .A43 1999 v.1 |
| 100 ## - MAIN ENTRY--PERSONAL NAME | |
| Personal name | Alcantara, Samson S. |
| 245 ## - TITLE STATEMENT | |
| Title | Philippine labor and social legislation annotated / |
| 245 ## - TITLE STATEMENT | |
| Statement of responsibility, etc | Samson S. Alcantara, Samson B. Alcantara, Jr. |
| 260 ## - PUBLICATION, DISTRIBUTION, ETC. (IMPRINT) | |
| Place of publication, distribution, etc | Quezon City: |
| 260 ## - PUBLICATION, DISTRIBUTION, ETC. (IMPRINT) | |
| Name of publisher, distributor, etc | The Philippines Labor Relations Journal, |
| 260 ## - PUBLICATION, DISTRIBUTION, ETC. (IMPRINT) | |
| Date of publication, distribution, etc | 1999 |
| 300 ## - PHYSICAL DESCRIPTION | |
| Extent | 1370 pages : |
| 300 ## - PHYSICAL DESCRIPTION | |
| Other physical details | illustrations ; |
| 300 ## - PHYSICAL DESCRIPTION | |
| Dimensions | 23 cm. |
| 440 ## - SERIES STATEMENT/ADDED ENTRY--TITLE | |
| Volume number/sequential designation | v.1 |
| 500 ## - GENERAL NOTE | |
| General note | Includes index. |
| 650 ## - SUBJECT ADDED ENTRY--TOPICAL TERM | |
| Topical term or geographic name as entry element | Labor laws and legislation -- |
| 650 ## - SUBJECT ADDED ENTRY--TOPICAL TERM | |
| General subdivision | Philippines. |
| Withdrawn status | Lost status | Damaged status | Home library | Current library | Shelving location | Date acquired | Cost, normal purchase price | Total Checkouts | Full call number | Barcode | Date last seen | Price effective from | Koha item type |
|---|---|---|---|---|---|---|---|---|---|---|---|---|---|
| South Mansfield College | South Mansfield College | Filipiniana Section | 03/07/2005 | 935.00 | FIL KPM 1205 .A43 1999 v.1 | SMC02039 | 03/03/2016 | 03/03/2016 |